[Event "84th Tata Steel Masters 2022"]
[Site "Wijk aan Zee"]
[Date "2022.01.17"]
[Round "3.6"]
[White "Esipenko, Andrey"]
[Black "Karjakin, Sergey"]
[Result "1-0"]
[WhiteElo "2714"]
[BlackElo "2743"]
[Annotator "TA"]
[PlyCount "83"]
[EventDate "2022.01.15"]
[EventType "tourn"]
[EventCountry "NED"]
[Tiebreak "Direct encounter+Number of black games"]
[SourceTitle "playchess.com"]
[Source "ChessBase"]
[SourceQuality "1"]

{[%evp 14,83,18,8,16,2,6,0,0,0,0,0,0,-9,18,41,25,0,35,0,48,0,39,32,43,30,47,50,
45,36,36,41,26,24,30,30,41,19,64,32,76,50,77,80,68,64,62,44,39,54,238,253,247,
254,252,246,248,239,256,272,247,255,262,262,258,241,427,427,420,408,383,392]} 
1. e4 e5 2. Nf3 Nc6 3. Bc4 Bc5 4. c3 Nf6 5. d3 {[%cal Bd2d3,Bd3d4][%mdl 32]} d6
6. O-O h6 7. Re1 O-O 8. h3 a6 {C54: Giuoco Piano: 4 c3 Nf6, main lines with 5
d4 and 5 d3.} 9. a4 {9.Nbd2 is setting a new trend.} a5 10. d4 Bb6 {[%cal
Of6e4] [#] The position is equal.} 11. Bb3 $1 $146 {[%mdl 8] A top novelty.} ({
Predecessor:} 11. Be3 exd4 12. cxd4 d5 13. exd5 Nb4 14. Nc3 Bf5 15. Bf4 Nfxd5
16. Nxd5 Nxd5 17. Bxd5 Qxd5 {½-½ (30) Anand,V (2758)-Vitiugov,N (2747) Wijk
aan Zee 2020}) 11... Re8 12. Bc2 Bd7 13. Na3 Qc8 14. Nb5 Na7 15. Na3 Nc6 $1 {
[%cal Od7h3]} 16. Nb5 Na7 17. c4 (17. Qd3 $14) 17... Nxb5 18. axb5 exd4 19.
Nxd4 c6 20. bxc6 $1 bxc6 21. Bf4 Qa6 22. Bxd6 {[#] Hoping for e5.} Qa7 $1 23.
c5 $1 Bxc5 24. Bxc5 Qxc5 25. Qd3 g6 (25... a4 $11) 26. Rad1 a4 (26... Rab8 $14
{feels stronger.}) 27. Qe3 $36 {[%mdl 2048] White fights for an advantage.} Qg5
28. f4 Qh4 {[%cal Of6d5]} 29. Nf3 Qg3 30. Ne5 Qxe3+ 31. Rxe3 Reb8 $2 {A
mistake that costs the game.} 32. Nxd7 $18 Nxd7 33. Rxd7 Rxb2 34. Re2 a3 {
[#] aiming for ...a2.} 35. Rd1 a2 36. Ra1 c5 37. Kf2 Ra3 38. Ke1 c4 39. Kd2 Rg3
$2 (39... Rb7 {was necessary.} 40. e5 Kf8) 40. Kc1 c3 41. Kd1 h5 42. e5 {
Weighted Error Value: White=0.07 (flawless) /Black=0.24 (precise)} 1-0

[Event "84th Tata Steel Masters 2022"]
[Site "Wijk aan Zee"]
[Date "2022.01.17"]
[Round "3.7"]
[White "Grandelius, Nils"]
[Black "Rapport, Richard"]
[Result "0-1"]
[WhiteElo "2672"]
[BlackElo "2763"]
[Annotator "TA"]
[PlyCount "62"]
[EventDate "2022.01.15"]
[EventType "tourn"]
[EventCountry "NED"]
[Tiebreak "Direct encounter+Number of black games"]
[SourceTitle "playchess.com"]
[Source "ChessBase"]
[SourceQuality "1"]

{[%evp 9,62,13,30,4,8,0,0,20,10,0,6,-74,15,0,3,0,0,0,0,0,0,0,0,-5,0,-29,-31,
-29,-20,-55,-27,-65,-65,-69,-74,-77,-75,-62,-33,-102,-97,-117,-106,-150,-116,
-144,-33,-474,-454,-1085,-1358,-29993,-29994,-29994,-29995]} 1. e4 c5 2. Nf3 e6
3. d4 cxd4 4. Nxd4 Nc6 5. Nc3 Qc7 6. g4 {B47: Sicilian: Taimanov: 5 Nc3 Qc7 6
f4, 6 g3 and 6 Be2.} h6 $5 {[%mdl 4] Leaves trodden paths.} 7. Be3 Nf6 8. f3 {
The position is equal.} a6 9. Qd2 Ne5 {[#]} 10. f4 $146 {[#]} (10. h4 $11 {
remains equal.}) ({Predecessor:} 10. O-O-O Bb4 11. g5 hxg5 12. Bxg5 b5 13. Qe1
Bxc3 14. Qxc3 Qxc3 15. bxc3 Bb7 16. Bf4 d6 {½-½ (42) Manik,M (2495)-Laznicka,
V (2480) Brno 2005}) 10... Nc4 (10... Bb4 $1 $17 {[%cal Of6e4] And now ...
Nxe4! would win.} 11. fxe5 Nxe4 $1) 11. Bxc4 $11 Qxc4 12. e5 Nxg4 13. Rg1 Nxe3
14. Qxe3 b5 (14... Bc5 15. O-O-O $16) 15. O-O-O Bb7 16. Kb1 O-O-O 17. Ne4 {
[%cal Og1g7]} Kb8 18. Rd3 Rc8 19. Rgd1 Be7 (19... Bd5 20. Nc3 $11) 20. Rc3 Qa4
21. Rcd3 Bxe4 {This bishop pair is nice.} 22. b3 Qa5 23. Qxe4 Rc7 (23... f5 $5
{[%cal Rf5e4]} 24. Qf3 g5 $15) 24. f5 (24. Ne2 $15) 24... Rhc8 $17 25. Rg3 Ba3
26. h4 (26. Qe1 $142 Bb4 27. Qe3) 26... Qb4 {[%cal Oc7c2]} 27. h5 {[#]} Rc3 $40
{[%mdl 128] Black mounts an attack. Really sharp!} ({Stronger than} 27... exf5
28. Qxf5 Qc5 29. Re3 $15) (27... Rxc2 $1 $17 {[%mdl 512] ( -> ...Rc1+)} 28.
Qxc2 Rxc2 29. Nxc2 Qf4 30. Rxg7 Qxf5) 28. Rxg7 $2 {[%mdl 8192] [#] This move
loses the game for White.} (28. fxe6 $1 $15 dxe6 29. Rxg7) 28... Rh3 $1 $19 ({
Not} 28... exf5 29. Qd5 (29. Qxf5 Rxb3+ 30. cxb3 Qxd4) 29... Rh3 30. Qd6+ Qxd6
31. exd6 $17) 29. Qe1 {[#]} (29. Nc6+ $142 Rxc6 30. Rg8+ Kc7 31. Qxb4 Bxb4 32.
Rg7) 29... Rh1 $3 {[%mdl 512]} 30. Rg1 (30. Nc6+ Rxc6) 30... Rxg1 31. Qxg1 Qc3
{Weighted Error Value: White=0.74/Black=0.14 (very precise)} 0-1

[Event "84th Tata Steel Masters 2022"]
[Site "Wijk aan Zee"]
[Date "2022.01.18"]
[Round "4.1"]
[White "Carlsen, Magnus"]
[Black "Van Foreest, Jorden"]
[Result "1/2-1/2"]
[WhiteElo "2856"]
[BlackElo "2702"]
[Annotator "TA"]
[PlyCount "103"]
[EventDate "2022.01.15"]
[EventType "tourn"]
[EventCountry "NED"]
[Tiebreak "Direct encounter+Number of black games"]
[SourceTitle "playchess.com"]
[Source "ChessBase"]
[SourceQuality "1"]

{[%evp 15,103,14,27,4,29,14,27,21,21,15,15,7,18,15,21,16,23,29,31,22,26,12,48,
55,62,55,84,93,81,69,68,20,33,24,75,60,60,46,50,60,53,0,0,0,0,0,0,0,0,0,54,0,
170,159,162,128,221,0,348,352,533,0,0,0,0,-21,-21,-21,-21,-21,-21,-21,-19,-67,
-21,-67,-67,-67,-67,-67,0,-15,-15,-15,0,-15,0,-15,0,-15]} 1. Nf3 d5 2. g3 g6 3.
Bg2 Bg7 4. d4 Nf6 5. O-O O-O 6. c4 c6 7. b3 Bf5 8. Bb2 {[%cal Bc1b2,Bb2c3,
Bc3e1][%mdl 32]} Nbd7 9. e3 $1 {[%mdl 4] is currently scoring better than 9.
Nbd2. D78: Fianchetto Grünfeld: 6 0-0 c6.} Ne4 10. Nc3 Nxc3 11. Bxc3 {White
has an edge.} Be4 12. Qe2 e6 13. Rfd1 a5 14. Bf1 Bxf3 15. Qxf3 Nc5 16. Be1 Ne4
{[#]} 17. Bd3 $146 ({Predecessor:} 17. a4 f5 18. Qe2 Rf7 19. Bg2 Bf8 20. f3 Nf6
21. Bc3 Bb4 22. Bb2 Qe7 23. e4 fxe4 24. fxe4 Nxe4 25. Bxe4 dxe4 26. Qxe4 {
½-½ (38) Ganguly,S (2644)-Bu,X (2711) Liaocheng 2017}) 17... f5 18. Rac1 g5
19. Qe2 g4 20. Bxe4 fxe4 21. Qxg4 Qe8 22. cxd5 exd5 23. Rc5 (23. b4 $14) 23...
h5 24. Qh3 Qf7 (24... b5 $11) 25. Qg2 (25. Rb1 {keeps more tension.} Qf3 26.
Rc2 Rf6 27. b4 axb4 28. Bxb4 Qg4 29. Qxg4 hxg4 30. Be7) 25... a4 26. b4 Qd7 27.
b5 h4 28. Rdc1 (28. gxh4 Rf6 $15) ({Better is} 28. g4 $14) 28... Rf6 $1 $11 29.
bxc6 bxc6 30. g4 (30. gxh4 Kh8 31. Qg5 Rg8 $19) 30... h3 31. Qxh3 {And now Qh5
would win.} Raf8 32. Qg2 {g5 is the strong threat.} Rg6 (32... Rh6 $11) 33. g5
(33. h3 $1 $14) 33... Rf5 $2 (33... Rf3 $11) 34. h4 $18 {Hoping for Ra5.} Bf8
35. R5c2 Be7 36. Rb2 $2 (36. Kf1 $1 $18) 36... Bxg5 $2 {[%mdl 8192] [#]} 37.
Kf1 $1 (37. hxg5 $2 Rfxg5 38. Rb8+ Kh7 $19) 37... Qa7 {[#]} (37... Qd6 $142)
38. Qg4 $2 (38. hxg5 $2 Rfxg5 39. Qh1 (39. Qh2 $2 Qa6+ 40. Re2 Rg1+ 41. Qxg1
Rxg1+ 42. Kxg1 Qxe2 $19) 39... Rg1+ 40. Qxg1 Qa6+ 41. Re2 Rxg1+ 42. Kxg1 Qxe2
$19) (38. Ke2 $1 $18) 38... Qa6+ $11 39. Kg1 Rg7 40. Rb8+ {[#]} ({Wrong is} 40.
hxg5 $2 Rgxg5 41. f3 (41. Rb8+ {is a self mate.} Kf7) 41... exf3 $19) (40. Rxc6
$5 Qxc6 41. Qxf5 Bxh4+ 42. Kf1 $11) 40... Bd8 $1 41. Rxd8+ Rf8 42. Rxf8+ Kxf8
43. Bb4+ Kg8 {[%cal Bf8g8,Bg8g7,Bg7g6,Bg6h5][%mdl 32]} 44. Qxg7+ Kxg7 {[%mdl
4096] Endgame KQ-KRB} 45. a3 (45. Bd6 $1 $11) 45... Kg6 46. Kg2 Kh5 47. Rh1 c5
(47... Qc8 $15) 48. Bxc5 {The position is equal.} Qg6+ 49. Kf1 Qa6+ {[%mdl
1024] Black has compensation.} 50. Kg2 Qg6+ 51. Kf1 Qa6+ 52. Kg2 {Weighted
Error Value: White=0.28 (precise) /Black=0.37} 1/2-1/2

[Event "84th Tata Steel Masters 2022"]
[Site "Wijk aan Zee"]
[Date "2022.01.18"]
[Round "4.2"]
[White "Vidit, Santosh Gujrathi"]
[Black "Esipenko, Andrey"]
[Result "1/2-1/2"]
[WhiteElo "2727"]
[BlackElo "2714"]
[Annotator "TA"]
[PlyCount "63"]
[EventDate "2022.01.15"]
[EventType "tourn"]
[EventCountry "NED"]
[Tiebreak "Direct encounter+Number of black games"]
[SourceTitle "playchess.com"]
[Source "ChessBase"]
[SourceQuality "1"]

{[%evp 14,63,33,9,14,11,7,5,10,6,22,0,10,14,22,19,13,14,14,12,13,25,10,20,20,
14,19,7,12,16,50,27,52,13,11,2,4,2,8,0,0,0,0,-22,-29,-40,-38,-40,-32,-67,-33,
-99]} 1. e4 e5 2. Nf3 Nc6 3. Bc4 Nf6 4. d3 Bc5 5. c3 d6 6. O-O h6 7. Re1 O-O 8.
h3 Bb6 {C54: Giuoco Piano: 4 c3 Nf6, main lines with 5 d4 and 5 d3.} 9. a4 a5
10. Nbd2 {[%cal Bb1d2,Bd2f1,Bf1g3][%mdl 32]} Ne7 {The position is equal.} 11.
Bb3 {is the new trend.} c6 12. Nf1 Ng6 13. Ng3 d5 14. exd5 Nxd5 15. d4 exd4 16.
Nxd4 Re8 17. Rxe8+ Qxe8 18. Bxd5 cxd5 {[#]} 19. Be3 $146 ({Predecessor:} 19. b3
Bd7 20. Be3 Rc8 21. Qd2 Bc7 22. Rd1 Be5 23. Nde2 Nh4 24. Kh2 Nf5 25. Bf4 {
½-½ (25) Willmann,B (2345)-Susla,V (2307) LSS email 2020}) 19... Bc7 20. Qd2
Bd7 {Prevents Nb5.} 21. b3 Bxg3 22. fxg3 Qe5 23. Qf2 Rc8 24. Rf1 f6 25. Re1 Qd6
({Much less strong is} 25... Rxc3 26. Bf4 (26. Bd2 Qxg3 27. Bxc3 Qxc3 $11)
26... Qh5 27. Qd2 $18) 26. Nf5 Bxf5 (26... Qe5 $2 {[#]} 27. Nxg7 $1 {[%mdl 512]
} Kxg7 28. Bxh6+ $1 {[%mdl 512]} Kxh6 29. Rxe5 fxe5 30. Qd2+ Kg7 31. Qxd5 $18)
27. Qxf5 Ne7 28. Qg4 Rxc3 29. Bf4 Qc5+ {Black is slightly better.} 30. Kh2 $1 {
Hoping for Bxh6.} Kh7 31. h4 {Strongly threatening Qd7.} d4 {White must now
prevent ...Qf5.} (31... Rxb3 $2 32. Qd7 Ng6 33. h5 $18) (31... Qc8 $5 {[%cal
Rc8g4]} 32. Qd1 Qd7 $17) 32. Qe6 {Weighted Error Value: White=0.10 (very
precise) /Black=0.05 (flawless)} (32. Bd2 $15 Rxb3 33. Qd7) 1/2-1/2

[Event "84th Tata Steel Masters 2022"]
[Site "Wijk aan Zee"]
[Date "2022.01.18"]
[Round "4.3"]
[White "Mamedyarov, Shakhriyar"]
[Black "Duda, Jan-Krzysztof"]
[Result "1-0"]
[WhiteElo "2767"]
[BlackElo "2760"]
[Annotator "TA"]
[PlyCount "81"]
[EventDate "2022.01.15"]
[EventType "tourn"]
[EventCountry "NED"]
[Tiebreak "Direct encounter+Number of black games"]
[SourceTitle "playchess.com"]
[Source "ChessBase"]
[SourceQuality "1"]

{[%evp 11,81,31,27,35,30,-10,28,38,31,43,33,22,32,37,41,33,41,32,33,0,0,0,0,0,
0,0,0,0,0,0,33,0,0,-23,-25,-24,29,0,0,-103,-102,-81,-94,-112,-99,-144,-83,-76,
-90,-83,-83,-88,0,-10,0,0,0,0,0,0,20,19,242,227,236,232,210,205,340,350,331,
316]} 1. d4 Nf6 2. c4 e6 3. Nf3 d5 4. Nc3 c5 5. cxd5 cxd4 6. Qxd4 exd5 7. e4 {
D41: Queen's Gambit Declined: Semi-Tarrasch with 5 cxd5.} dxe4 {now scores
much better than the old 7...Nc6.} 8. Qxd8+ Kxd8 9. Ng5 {[%csl LRe4,LRf7]
White has an edge.} Be6 10. Nxe6+ fxe6 11. Bg5 h6 12. O-O-O+ Ke7 $1 13. Bxf6+
gxf6 14. Nxe4 f5 {[#]} 15. Ng3 $146 ({Predecessor:} 15. Nc5 Kf6 16. Rd8 Bg7 17.
Rxh8 Bxh8 18. Bc4 Nc6 19. Nxe6 Ne5 20. Bd5 Nd3+ 21. Kd2 {½-½ (56) Radjabov,T
(2765)-Carlsen,M (2847) chess24.com INT 2021}) 15... h5 16. Bc4 Nd7 $1 17. Kb1
Ne5 18. Bb3 Kf6 $1 19. Rhe1 Re8 20. Ba4 Re7 21. h4 Ng6 22. Rd4 Rc7 $1 23. Bb3
e5 ({Better is} 23... Rc6 $1) 24. Rd8 (24. Rd5 $5 {[%cal Rf2f4]}) 24... Nxh4
25. Re8 (25. Rh1 $1 $11 {keeps the balance.} Kg5 26. Bc2) 25... Ng6 $1 $17 26.
Re6+ Kg5 27. Bc2 h4 $1 28. Re3 (28. Nxf5 $2 Rxc2 $1 {[%mdl 512]} 29. Nxh4 Rxh4
$1 $19) (28. Ne2 $142) 28... e4 ({Resist} 28... hxg3 29. Rxg3+ Kf4 30. Rf3+ Kg5
31. Rxf5+ Kh6 32. Rfxe5 $16 (32. Rff6 Kg7 $16)) (28... Bg7 $142 {And now ...
Nf4 would win.} 29. Rd6 (29. Nxf5 $2 Rxc2 30. Nxh4 Nxh4 $19) 29... Bf6) 29.
Nxf5 Kxf5 30. R3xe4 {[#] Threatening mate with R4e5+.} Rxc2 $1 31. Kxc2 Bc5 (
31... Bg7 $17 {...Ne5 is the strong threat.} 32. Re8 Rxe8 33. Rxe8 Bd4) 32. g4+
$1 $11 Kg5 33. f4+ Nxf4 34. R6e5+ Kxg4 35. Rxc5 {[%mdl 4096] Endgame KRR-KRN}
Kf3 36. Rb4 {Threatens to win with Rf5.} h3 $2 {[#] Loses the game.} (36... Ng2
$1 $11 {and Black stays safe.}) 37. Rc3+ $1 $18 Kg4 {White must now prevent ...
h2.} 38. Rcc4 Rf8 {Hoping for ...h2.} 39. Rxb7 h2 (39... Rf5 $142 40. Rg7+ (40.
Rxa7 h2 $14) 40... Kf3) 40. Rh7 Kg3 41. Kb3 {Weighted Error Value: White=0.09 
(flawless) /Black=0.19 (very precise)} 1-0

[Event "84th Tata Steel Masters 2022"]
[Site "Wijk aan Zee"]
[Date "2022.01.18"]
[Round "4.4"]
[White "Shankland, Sam"]
[Black "Rapport, Richard"]
[Result "1/2-1/2"]
[WhiteElo "2708"]
[BlackElo "2763"]
[Annotator "TA"]
[PlyCount "47"]
[EventDate "2022.01.15"]
[EventType "tourn"]
[EventCountry "NED"]
[Tiebreak "Direct encounter+Number of black games"]
[SourceTitle "playchess.com"]
[Source "ChessBase"]
[SourceQuality "1"]

{[%evp 16,47,7,0,0,0,0,0,0,0,0,0,0,2,28,24,25,31,13,-19,-23,-20,-28,-23,-18,
-26,-37,-68,0,-78,0,-70,0,0]} 1. e4 e5 2. Nf3 Nf6 3. d4 Nxe4 4. Bd3 d5 5. Nxe5
Nd7 6. Nc3 Nxc3 7. bxc3 Bd6 $1 {[%mdl 4] outshines the older 7...Nxe5.} 8. O-O
O-O 9. Re1 c5 {[%cal Bc7c5,Bc5c4][%mdl 32] C43: Petroff Defence: 3 d4.} 10. Qf3
c4 $1 11. Bf5 Nxe5 12. dxe5 Bc5 13. Bxc8 Rxc8 {[#]} 14. Be3 $146 ({Predecessor:
} 14. Rd1 f6 15. Rxd5 Qb6 16. Be3 fxe5 17. Rxc5 Rxc5 18. Bxc5 Qxc5 19. Qe2 Rd8
20. g3 {1-0 (65) Van Foreest,J (2621)-Fridman,D (2637) Batumi 2019}) 14... Bxe3
15. Qxe3 b6 16. Rad1 Qd7 17. e6 fxe6 18. Qxe6+ Qxe6 19. Rxe6 $11 {KRR-KRR} Rc5
20. f3 Ra5 21. Re7 Rf7 (21... Rxa2 22. Rxd5 Ra1+ 23. Kf2 $11) 22. Re8+ Rf8 23.
Re7 Rf7 ({Of course not} 23... Rxa2 24. Rxd5 Rxc2 25. h3 $11 (25. Rdd7 Rc1+ 26.
Kf2 Rc2+ 27. Kg3 Kh8 $11)) ({Black should try} 23... g6 $15) 24. Re8+ {
Weighted Error Value: White=0.06 (flawless) /Black=0.11 (very precise)} 1/2-1/2

[Event "84th Tata Steel Masters 2022"]
[Site "Wijk aan Zee"]
[Date "2022.01.18"]
[Round "4.5"]
[White "Caruana, Fabiano"]
[Black "Dubov, Daniil"]
[Result "1/2-1/2"]
[WhiteElo "2792"]
[BlackElo "2720"]
[Annotator "TA"]
[PlyCount "76"]
[EventDate "2022.01.15"]
[EventType "tourn"]
[EventCountry "NED"]
[Tiebreak "Direct encounter+Number of black games"]
[SourceTitle "playchess.com"]
[Source "ChessBase"]
[SourceQuality "1"]

{[%evp 18,76,38,10,7,4,12,6,11,4,37,18,11,0,-2,-9,0,-2,25,24,14,0,0,0,0,0,0,0,
0,0,0,0,0,-6,0,0,0,0,0,0,0,0,0,0,0,0,0,0,0,0,0,0,0,0,0,0,0,0,0,0,0]} 1. e4 e5
2. Nf3 Nc6 3. Bb5 a6 4. Ba4 Nf6 5. O-O Be7 6. Re1 b5 7. Bb3 O-O 8. a4 Bb7 9. d3
d6 10. c3 Na5 {C88: Closed Ruy Lopez: Anti-Marshall Systems.} 11. Ba2 {[%cal
Bb3a2,Ba2b1,Bb1c2][%mdl 32]} c5 $1 12. Bg5 {[#]} Qd7 $146 ({Predecessor:} 12...
h6 13. Bxf6 Bxf6 14. Nbd2 b4 15. cxb4 cxb4 16. Rc1 Qd7 17. Nc4 Nxc4 18. dxc4
Rac8 19. b3 a5 20. Bb1 Rfd8 21. Qd3 Qg4 22. Rcd1 Rd7 23. Nd2 Bd8 24. Nf1 {
½-½ (24) Marek,S (2381)-Filipek,J (2370) Slovakia 2003}) 13. Nbd2 bxa4 14.
Bb1 Bc6 15. d4 cxd4 16. cxd4 h6 17. Bh4 Nh5 18. Bxe7 Qxe7 19. Bc2 {The
position is equal.} Nb3 20. Nxb3 axb3 21. Bxb3 {[%cal Of3e5]} Nf6 22. Bc2 Rfb8
23. b3 Bb5 24. Qd2 Nh7 25. Rad1 Ng5 26. Nxg5 Qxg5 27. Re3 Rc8 28. dxe5 dxe5 29.
Bd3 Bxd3 30. Rxd3 Qxd2 31. R1xd2 $11 {[%mdl 4096] Endgame KRR-KRR} Rc1+ 32. Rd1
Rxd1+ 33. Rxd1 {KR-KR} Rb8 34. Rd3 Rb4 35. f3 a5 36. h4 h5 37. Rd5 {[%csl LRa5,
LRe5]} f6 $1 38. Rxa5 Rxb3 {A balanced but interesting game.  Weighted Error
Value: White=0.04 (flawless) /Black=0.03 (flawless)} 1/2-1/2

[Event "84th Tata Steel Masters 2022"]
[Site "Wijk aan Zee"]
[Date "2022.01.18"]
[Round "4.6"]
[White "Karjakin, Sergey"]
[Black "Giri, Anish"]
[Result "1/2-1/2"]
[WhiteElo "2743"]
[BlackElo "2772"]
[Annotator "TA"]
[PlyCount "27"]
[EventDate "2022.01.15"]
[EventType "tourn"]
[EventCountry "NED"]
[Tiebreak "Direct encounter+Number of black games"]
[SourceTitle "playchess.com"]
[Source "ChessBase"]
[SourceQuality "1"]

{[%evp 15,27,16,25,6,18,0,0,0,0,0,0,0,0,0]} 1. d4 Nf6 2. c4 g6 3. Nc3 d5 4.
cxd5 Nxd5 5. e4 Nxc3 6. bxc3 Bg7 7. Nf3 {[%cal Bg1f3,Bf3d2,Bd2b3][%mdl 32]} c5
8. Be3 Qa5 9. Nd2 {D85: Exchange Grünfeld: Unusual White 7th moves and lines
with 7 Nf3.} O-O {The position is equal.} ({Don't take} 9... Qxc3 10. Rc1 Qb4
11. Rc4 $14 (11. Rxc5 O-O $14)) 10. Nb3 {[#]} Qxc3+ $1 $146 {[%mdl 8] A
relevant novelty.} ({Predecessor:} 10... Qc7 11. Nxc5 Nd7 12. Na4 a6 13. Rc1 b5
14. Nb2 Bb7 15. f3 Qa5 16. Qb3 e5 {0-1 (64) Grischuk,A (2776)-Nepomniachtchi,I
(2792) chess24.com INT 2021}) 11. Bd2 Qb2 12. Bc1 Qc3+ 13. Bd2 Qb2 14. Bc1 {
An interesting draw.  Weighted Error Value: White=0.10 (very precise) /Black=0.
03 (flawless)} 1/2-1/2

[Event "84th Tata Steel Masters 2022"]
[Site "Wijk aan Zee"]
[Date "2022.01.18"]
[Round "4.7"]
[White "Praggnanandhaa R"]
[Black "Grandelius, Nils"]
[Result "1-0"]
[WhiteElo "2612"]
[BlackElo "2672"]
[Annotator "TA"]
[PlyCount "127"]
[EventDate "2022.01.15"]
[EventType "tourn"]
[EventCountry "NED"]
[Tiebreak "Direct encounter+Number of black games"]
[SourceTitle "playchess.com"]
[Source "ChessBase"]
[SourceQuality "1"]

{[%evp 15,127,8,20,0,7,0,24,20,26,0,36,37,47,53,46,47,56,54,51,54,61,58,50,41,
52,59,61,62,70,68,74,75,68,62,87,96,99,91,95,71,112,106,106,93,77,89,212,189,
234,232,281,246,307,307,307,304,286,274,294,297,482,633,610,589,608,248,606,
493,692,633,549,526,965,961,839,838,672,639,571,598,656,654,635,514,591,569,
635,629,543,639,639,639,617,0,339,0,594,493,531,479,649,618,5816,5816,29975,
29976,29976,29977,29977,29978,29978,29979,29979,29980]} 1. d4 Nf6 2. c4 g6 3.
Nc3 d5 4. cxd5 Nxd5 5. e4 Nxc3 6. bxc3 Bg7 7. Qa4+ Nd7 8. Nf3 O-O 9. Qa3 {
D85: Exchange Grünfeld: Unusual White 7th moves and lines with 7 Nf3.} c5 10.
Be2 b6 11. h4 {[%cal Bh2h4,Bh4h5][%mdl 32] [#] White has an edge.} e5 $146 {
[%cal Re5d4]} ({Predecessor:} 11... Bb7 12. e5 b5 13. O-O a6 14. Bf4 e6 15.
Rfd1 Rc8 16. h5 gxh5 17. c4 bxc4 {½-½ (45) Burmeister,F (2123)-Cousins,R 
(2288) ICCF email 2020}) 12. d5 Nf6 (12... f5 {feels hotter.} 13. Ng5 Nf6 14.
Qb3 Kh8 15. a4 h6) 13. Bg5 Qe8 14. Bxf6 Bxf6 15. h5 Bg4 16. Nd2 Bd7 17. c4 Qe7
18. Qc3 Bg7 19. Qe3 f5 20. hxg6 hxg6 21. a4 {[%cal Ba2a4,Ba4a5][%mdl 32]} (21.
Qh3 Qf6 $11) 21... Bf6 22. a5 Bg5 23. Qh3 Qg7 {Inhibits Qh8+.} 24. Qc3 Qf6 25.
Bd3 Qe7 26. Nf3 $36 {[%mdl 2048] White is really pushing.} Bf6 27. Qc2 Rac8 (
27... Rab8 $142) 28. axb6 $16 axb6 29. O-O {White is more active.} f4 30. Ra7
Qd6 (30... Qg7 $16 {keeps fighting.}) 31. Be2 $18 Bd8 (31... Rc7 $142 32. Rfa1
Rb8) 32. Nh2 (32. Nxe5 Qxe5 33. Rxd7 f3 34. Bxf3 Rxf3 $11) 32... Bc7 33. Rfa1
Kg7 34. Bg4 Bxg4 35. Nxg4 Rf7 36. f3 Rh8 37. Qb2 Rh5 $2 (37... Re8 38. R1a6 Qe7
) 38. Rb7 Qd8 39. Raa7 Kg8 {[%cal Oh5h1]} 40. Kf2 (40. Kf1 $142) 40... Rh1 $2 (
40... Qh4+ 41. Ke2 Qh1) 41. Ra1 Rh4 {[#]} (41... Bd6 $142) 42. Rxc7 $1 {
[%mdl 512]} Rxc7 (42... Qxc7 43. Nxe5) 43. Qxe5 Rf7 44. Qe6 {Black must now
prevent Ra7.} Rxg4 45. Qxg4 {[%mdl 4096] Endgame KQR-KQR} ({Weaker is} 45. fxg4
Kg7 $18) 45... Kg7 46. Qe6 Qh4+ 47. Ke2 Qg5 48. Kf1 Qh4 {Threatens to win with
...Qh1+.} 49. Kg1 {Prevents Qh1+.} Qf6 50. Qxf6+ Kxf6 {KR-KR} 51. Kf2 Ke5 52.
Ke2 Kd4 53. Rd1+ Ke5 54. Ra1 {Inhibits Ra7. And now Kd3 would win.} Kd4 $1 55.
Rd1+ $2 (55. Rb1) 55... Ke5 $1 56. Kd3 Ra7 57. Kc3 g5 58. Kb3 {Strongly
threatening d6.} g4 59. d6 {White wants to mate with d7.} gxf3 60. gxf3 {
White mates.} ({Avoid the trap} 60. d7 $2 Rxd7 $3 {[%mdl 512]} 61. Rxd7 fxg2
$19) 60... Ke6 61. d7 Rxd7 62. Rxd7 Kxd7 63. Ka4 Kc6 {[#]} 64. e5 $1 {Weighted
Error Value: White=0.25 (precise) /Black=0.40} 1-0

[Event "84th Tata Steel Masters 2022"]
[Site "Wijk aan Zee"]
[Date "2022.01.20"]
[Round "5.1"]
[White "Giri, Anish"]
[Black "Vidit, Santosh Gujrathi"]
[Result "1/2-1/2"]
[WhiteElo "2772"]
[BlackElo "2727"]
[Annotator "TA"]
[PlyCount "65"]
[EventDate "2022.01.15"]
[EventType "tourn"]
[EventCountry "NED"]
[Tiebreak "Direct encounter+Number of black games"]
[SourceTitle "playchess.com"]
[Source "ChessBase"]
[SourceQuality "1"]

{[%evp 18,65,23,21,32,8,17,-17,16,13,21,16,43,29,37,28,58,43,47,0,0,0,0,-6,0,0,
0,0,0,-35,-24,-29,-10,-10,-11,-4,-12,-8,-15,-22,0,2,9,-11,-17,-15,-14,-26,-20,
-25]} 1. e4 e5 2. Nf3 Nf6 3. Nxe5 d6 4. Nf3 Nxe4 5. d4 d5 6. Bd3 Bd6 7. O-O O-O
8. c4 c6 9. Re1 Bf5 10. Qb3 Qd7 $1 {[%mdl 4] is more profitable than 10...Na6
at the moment. C42: Petroff Defence: 3 Nxe5 and unusual White 3rd moves.} 11.
c5 Bc7 {[#]} 12. Nc3 $146 {[%cal Rc3e4]} ({Predecessor:} 12. Nbd2 Be6 13. Nf1
Na6 14. Ng3 Ba5 15. Re2 Rae8 16. Ne5 Qc8 17. Qa4 Bc7 18. Bxe4 dxe4 19. Nxe4 {
½-½ (81) Aronian,L (2782)-Erigaisi,A (2627) Kolkata 2021}) 12... Re8 (12...
Nxc5 $5 13. Bxf5 Nxb3 14. Bxd7 Nxa1 $11) 13. Be3 Na6 14. Ne2 f6 15. a3 g5 16.
Qc2 h5 17. Rad1 h4 {[#]} 18. Nd2 (18. Nxh4 $1 $14 gxh4 19. f3) 18... Qh7 $1 $11
19. Nxe4 Bxe4 20. Bxe4 Qxe4 21. Qxe4 Rxe4 22. Nc3 Re7 23. h3 Rae8 {[%cal Ba8e8,
Be8e7,Be7a7][%mdl 32]} 24. Kf1 Bb8 25. Bd2 Nc7 26. Rxe7 Rxe7 27. a4 Ne6 28. Ne2
b6 29. cxb6 axb6 30. b4 Ra7 31. Ra1 Kf7 32. Ke1 Ke8 33. Kd1 {Weighted Error
Value: White=0.10 (very precise) /Black=0.08 (flawless)} 1/2-1/2